000 00341nam a2200145Ia 4500
008 240624s9999 xx 000 0 und d
041 _aeng
082 _a332.64 WIL
100 _aWILMOTT PAUL
245 _aINTRODUCES QUANTITATIVE FINANCE
250 _a(2nd ed.)
260 _c2007
_aEngland
_bWiley
300 _a722 : p.
365 _c
_b25
999 _c16668
_d16668